| 000 | 00690nam a2200181Ia 4500 | ||
|---|---|---|---|
| 008 | 090630s9999 xx 000 0 und d | ||
| 082 | _b28362 | ||
| 100 | _aकर्वे प्रियदर्शिनी. | ||
| 245 |
_aउर्जेच्या शोधात. _cकर्वे प्रियदर्शिनी. |
||
| 260 |
_bराजहंस. _c2007 |
||
| 300 | _a170 | ||
| 600 | _aकर्वे प्रियदर्शिनी. | ||
| 630 | _aउर्जेच्या शोधात. | ||
| 655 | _aइतर. | ||
| 700 | _aकर्वे प्रियदर्शिनी. | ||
| 730 | _aउर्जेच्या शोधात. | ||
| 942 | _cBOOK | ||
| 999 |
_c280218 _d280218 |
||